[Event "Bad Sooden-Allendorf Seniors op 15th"]
[Site "Bad Sooden-Allendorf"]
[Date "2003.05.07"]
[Round "9"]
[White "Puls, Harry"]
[Black "Thomas, Johannes"]
[Result "0-1"]
[WhiteElo "1510"]
[BlackElo "1745"]
[PlyCount "68"]
[EventDate "2003.05.??"]
[EventType "swiss"]
[EventRounds "9"]
[EventCountry "GER"]
[SourceTitle "EXT 2006"]
[Source "ChessBase"]
[SourceDate "2005.11.24"]
[SourceVersion "1"]
[SourceVersionDate "2005.11.24"]
[SourceQuality "1"]

1. d4 d5 2. c4 dxc4 3. e3 b5 4. Nc3 c6 5. a4 Bd7 6. axb5 cxb5 7. Nf3 a6 8. Be2 e6 9. 0-0 Bd6 10. e4 Ne7 11. e5 Bc7 12. Bg5 0-0 13. d5 exd5 14. Nxd5 Nbc6 15. Qd2 Be6 16. Nxe7+ Nxe7 17. Qb4 f6 18. Rfd1 Nd5 19. Qd2 fxg5 20. Nxg5 Nf4 21. Qxd8 Bxd8 22. Nxe6 Nxe6 23. Bf3 Ra7 24. Rd6 Nc5 25. Bd5+ Kh8 26. e6 Be7 27. Rc6 g6 28. g3 Rd8 29. Bf3 Rd2 30. b4 cxb3 31. Rb1 Kg7 32. h4 a5 33. Kf1 a4 34. Rb6 a3 0-1

[Event "Bad Sooden-Allendorf Seniors op 15th"]
[Site "Bad Sooden-Allendorf"]
[Date "2003.05.05"]
[Round "7"]
[White "Helm, Irmgard"]
[Black "Thomas, Johannes"]
[Result "1-0"]
[WhiteElo "1409"]
[BlackElo "1745"]
[PlyCount "139"]
[EventDate "2003.05.??"]
[EventType "swiss"]
[EventRounds "9"]
[EventCountry "GER"]
[SourceTitle "EXT 2006"]
[Source "ChessBase"]
[SourceDate "2005.11.24"]
[SourceVersion "1"]
[SourceVersionDate "2005.11.24"]
[SourceQuality "1"]

1. e4 d6 2. d4 e6 3. Nf3 Be7 4. Nc3 Bd7 5. Bd3 c6 6. 0-0 b5 7. a3 a6 8. h3 c5 9. dxc5 dxc5 10. e5 Bc6 11. Be4 Qc7 12. Re1 Nd7 13. Bf4 Rd8 14. Qc1 Nb6 15. Bg5 Bxe4 16. Nxe4 h6 17. Bxe7 Nxe7 18. Qe3 c4 19. Rad1 0-0 20. Nf6+ Kh8 21. Ng4 Nbd5 22. Qe4 Ng6 23. h4 Qe7 24. g3 Qa7 25. h5 Nge7 26. Ngh2 Nf5 27. Kg2 Qb6 28. Ng4 c3 29. b3 a5 30. Rd3 Qc5 31. Ne3 Nfxe3+ 32. fxe3 Qxa3 33. g4 Qe7 34. Kh3 f5 35. exf6 Nxf6 36. Qe5 Rxd3 37. cxd3 Nd5 38. Qe4 Qf6 39. Kg3 c2 40. Rc1 Qb2 41. Ne5 Rf6 42. Ng6+ Kg8 43. Qh1 Qxb3 44. Qe4 Qb4 45. d4 Qd2 46. Rxc2 Qxe3+ 47. Qxe3 Nxe3 48. Rc8+ Kf7 49. Rc7+ Ke8 50. Rxg7 Rf7 51. Rg8+ Kd7 52. Ne5+ Ke7 53. Nxf7 Kxf7 54. Rb8 b4 55. Rb5 Kf6 56. Rxa5 Nd5 57. Ra8 Kg7 58. Ra7+ Kg8 59. Ra6 Kf7 60. Kf3 Nc3 61. Rb6 Nd5 62. Rb7+ Kg8 63. Ke4 Nf6+ 64. Kf4 Nd5+ 65. Ke5 Ne3 66. Kxe6 Nxg4 67. Rxb4 Ne3 68. Rb8+ Kg7 69. Rb7+ Kf8 70. Rc7 1-0

[Event "Bad Sooden-Allendorf Seniors op 15th"]
[Site "Bad Sooden-Allendorf"]
[Date "2003.05.01"]
[Round "3"]
[White "Knab, Horst"]
[Black "Thomas, Johannes"]
[Result "0-1"]
[WhiteElo "1464"]
[BlackElo "1745"]
[PlyCount "68"]
[EventDate "2003.05.??"]
[EventType "swiss"]
[EventRounds "9"]
[EventCountry "GER"]
[SourceTitle "EXT 2006"]
[Source "ChessBase"]
[SourceDate "2005.11.24"]
[SourceVersion "1"]
[SourceVersionDate "2005.11.24"]
[SourceQuality "1"]

1. Nf3 d6 2. d4 b6 3. e4 Bb7 4. d5 c6 5. c4 h6 6. Nc3 Nf6 7. Bd3 Nbd7 8. Bf4 Nc5 9. Bc2 e5 10. dxe6 Nxe6 11. Bg3 Be7 12. 0-0 0-0 13. h3 Nh7 14. Qe2 Qe8 15. Rad1 Rd8 16. b4 Nhg5 17. Nxg5 Nxg5 18. h4 Nh7 19. Qd3 Nf6 20. e5 dxe5 21. Qf3 Rxd1 22. Rxd1 Bxb4 23. Ne4 Nd7 24. Nd6 Bxd6 25. Rxd6 g6 26. Qe3 Kg7 27. Be4 Qe7 28. Qd3 Nc5 29. Qc3 Nxe4 30. Bxe5+ f6 31. Qd4 Qxe5 32. Rd7+ Rf7 33. Rxf7+ Kxf7 34. Qd7+ Qe7 0-1